| 000 | 00446nam a2200145Ia 4500 | ||
|---|---|---|---|
| 003 | OSt | ||
| 005 | 20260129101835.0 | ||
| 008 | 211028s2018 xx 000 0 und d | ||
| 040 | _cAIMIT LIBRARY | ||
| 041 | _aeng | ||
| 100 |
_aHarinith S S; Kamath, T Ramesh. _g1616055 _97811 |
||
| 245 | _aFactors affecting the preference of consumers and retailers towards Nandini products / | ||
| 260 |
_aMangalore _bT Ramesh Kamath. _c2018 |
||
| 942 |
_2ddc _cPRO |
||
| 999 |
_c219379 _d219379 |
||